000 00607nam a2200205Ia 4500
001 5256
003 GE_BSU
008 181216s||||||||xx |||||||||||||| ||und||
040 _cGE_BSU
080 _a519.17(075.8)
100 _aБелов,В.В; Е.М. Воробьев, В.Е. Шаталов
245 _aТеория графов
245 _bУчебное пособие для студ вузов
260 _aМосква
260 _bВысшая школа
260 _c1976
300 _a391 с.22см.
653 _aТеория графов и ее применения.
942 _cBK
999 _c38846
_d38846